000 00293nam a2200121Ia 4500
008 190216s9999||||xx |||||||||||||| ||und||
100 _aPadey Sn & Trivedi P S
245 0 _aText Book Of Botany
260 _bVikas Publishing House
_c1977
300 _a531p
650 _aBotany
942 _cBK
999 _c1373
_d1373